Manual de historia de España
Guardat en:
| Autors principals: | , |
|---|---|
| Format: | Llibre |
| Idioma: | espanyol |
| Publicat: |
Madrid, España
Espasa Calpe
1956
|
| Edició: | Sexta edición |
| Matèries: | |
| Etiquetes: |
Afegir etiqueta
Sense etiquetes, Sigues el primer a etiquetar aquest registre!
|
MARC
| LEADER | 00000nam a2200000 a 4500 | ||
|---|---|---|---|
| 001 | UCP6396 | ||
| 003 | CL-VaPUC | ||
| 005 | 20220222074029.0 | ||
| 008 | 991022e19560000SP |||||||||||||||||spa|d | ||
| 999 | |c 283983 |d 283981 | ||
| 040 | |c Pontificia Universidad Católica de Valparaíso | ||
| 082 | 0 | 4 | |a 946.009 AGU 1956 |2 21 |
| 100 | 0 | |a Aguado Bleye, Pedro |e author |9 435515 | |
| 245 | 1 | 0 | |a Manual de historia de España |
| 250 | |a Sexta edición | ||
| 260 | |a Madrid, España |b Espasa Calpe |c 1956 | ||
| 300 | |a 3 volúmenes | ||
| 500 | |a v.1: Prehistoria, edades antigua y media | ||
| 500 | |a v.2: Reyes católicos, Casa de Austria | ||
| 500 | |a v.3: Casa de Borbón 1700-1808 - España contemporánea 1808-1955 | ||
| 583 | |a last modification |c 19991022 00:00:00 |k Rodrigo Vera | ||
| 650 | 7 | |a HISTORIA DE ESPAÑA |2 CL-VaPUC |9 321819 | |
| 650 | 0 | |a Colonización |z ESPAÑA |9 265172 | |
| 650 | 0 | |a Cristianismo |z ESPAÑA |9 257361 | |
| 650 | 0 | |a Musulmanes |z ESPAÑA |9 332296 | |
| 700 | 0 | |a Alcazar Molina, Cayetano |e author |9 435516 | |
| 942 | |c BK |2 ddc | ||
| 945 | |d 19991022 00:00:00 |a lriquelm | ||
| 952 | |0 0 |1 0 |2 ddc |4 0 |6 946_009000000000000_AGU_1956 |7 0 |8 X |9 327564 |a BIBHIS |b BIBHIS |d 2019-11-20 |h v.3 |i 138368K |o 946.009 AGU 1956 |p 138368K |r 2024-01-30 |t 1 |w 2019-11-20 |y BK_X |k HIS | ||